Pokémon on G - Statistics

General Stats
  • This quiz has been taken 5 times
  • The average score is 40 of 67
Answer Stats
Picture Answer % Correct
Gardevoir
100%
Genesect
100%
Girafarig
100%
Giratina
100%
Granbull
100%
Groudon
100%
Gabite
75%
Gallade
75%
Garbodor
75%
Garchomp
75%
Gastly
75%
Gengar
75%
Geodude
75%
Gible
75%
Glaceon
75%
Glalie
75%
Glameow
75%
Gligar
75%
Gliscor
75%
Gloom
75%
Gogoat
75%
Golbat
75%
Goldeen
75%
Golduck
75%
Golem
75%
Golurk
75%
Graveler
75%
Greninja
75%
Grimer
75%
Grovyle
75%
Growlithe
75%
Grumpig
75%
Gulpin
75%
Gumshoos
75%
Gyarados
75%
Galvantula
50%
Gastrodon (East Sea)
50%
Gastrodon (West Sea)
50%
Gholdengo
50%
Gigalith
50%
Gimmighoul
50%
Glimmora
50%
Golett
50%
Golisopod
50%
Goodra
50%
Gorebyss
50%
Gothita
50%
Gothitelle
50%
Gourgeist
50%
Great Tusk
50%
Grookey
50%
Grotle
50%
Grubbin
50%
Guzzlord
50%
Glastrier
25%
Glimmet
25%
Goomy
25%
Gossifleur
25%
Gothorita
25%
Gouging Fire
25%
Grafaiai
25%
Grapploct
25%
Greavard
25%
Greedent
25%
Grimmsnarl
25%
Gurdurr
25%
Garganacl
0%
No matching quizzes found
Score Distribution
Percent of People with Each Score
Percentile by Number Answered
Your Score History
You have not taken this quiz